Výskum trhu

Bibliographic Details
Main Author: Suhányi, Ladislav, 1982- (Author)
Format: Book
Language:Slovak
PhysicalDescription:91 s. ilustr., tab. 24 cm
Published: [Prešov] Bookman 2013
ISBN:9788081650178
Edition:1. vyd.
Subjects:

MARC

LEADER 00000nam a2200000 a 4500
001 vtls010577345
003 SK-MaSNL
005 20260301174739.0
008 240314s2013 xo a e 000 0 slo
015 |a SNBA2014/03 
020 |a 9788081650178  |q (brož.) 
035 |a FA38E2F5-1E14-4DA4-8999-68080F51D5CE 
035 |a urn:nbn:sk:snk-amkyvp 
035 |a urn:nbn:sk:snk-am008pnh 
040 |a SNK  |b slo  |c SNK  |e AACR2 
041 0 |a slo 
044 |a xo  |c SK 
072 7 |a 658  |x Riadenie a správa podniku  |2 konspekt 
080 |a 658.8.01  |2 2001 
080 |a 658.8:005.52  |2 2001 
080 |a (075.8)  |2 2001 
100 1 |a Suhányi, Ladislav,  |d 1982-  |4 aut  |9 198970 
245 1 0 |a Výskum trhu  |c Ladislav Suhányi 
250 |a 1. vyd. 
260 |a [Prešov]  |b Bookman  |c 2013 
300 |a 91 s.  |b ilustr., tab.  |c 24 cm 
366 |e 200 výt. 
504 |a Bibliogr.: s. 86-91 
650 0 7 |a marketingový manažment  |2 SNKPH  |9 1715 
650 0 7 |a Marketing management  |2 SNKPHeng  |9 275329 
650 0 7 |a marketingový výskum  |2 SNKPH  |9 3723 
650 0 7 |a Marketing research  |2 SNKPHeng  |9 313124 
655 7 |a učebnice vysokých škôl  |2 SNKPH  |9 70191 
655 7 |a Textbooks (higher)  |2 SNKPHeng  |9 276436 
919 |a 978-80-8165-017-8 
958 |a NB 
999 |c 840513  |d 842443 
952 |a SNK  |b SNK  |y VYP  |7 0  |p 17A1104683  |o snkSC 158276 D1  |i snk2014/4989  |8 0  |0 0  |1 0  |4 0  |d 2014-02-19  |l 0  |r 2026-02-24 04:09:07  |w 2026-02-24 
952 |a SNK  |b SNK  |y PREZ  |7 0  |p 17A1104684  |o snkSC 158276  |i snk2014/4988  |8 0  |0 0  |1 0  |4 0  |d 2014-02-19  |f 1  |l 0  |r 2025-08-20 00:00:00  |w 2026-02-24